00527nam a2200205 a 4500001001300000003000900013005001700022008004100039020002300080082001500103100002300118245002400141260003300165300000900198500003500207505001000242650001300252650003300265700002300298nice12345678IN_TiNIC20260116013159.0050524s1993 newa grp 000 0 eng  a0883448 c94000a266.2bBUR aBurrows, William R aRedemption Dialogue aNew YorkbOrbis Books c1993 a244p aincludes index and biblioraphy2 aIndex aMissions aInterfaith Dialogue-Missions1 aBurrows, William R